[Event "DVM U20 2012"]
[Site "Osnabrück GER"]
[Date "2012.12.28"]
[Round "4"]
[White "Akram, Shumon"]
[Black "von Koslowski, Utz"]
[Result "1/2-1/2"]
[Termination "normal"]
[Board "4.6"]
[WhiteElo "1825"]
[BlackElo "1691"]
[WhiteTeam "Königsspringer Hamburg"]
[BlackTeam "TuS Coswig 1920"]
[WhiteFideId "24697184"]
[BlackFideId "12964247"]
[EventCountry "GER"]
[EventRounds "7"]
[EventType "team-swiss"]
[EventDate "2012.12.26"]

1. e4 e5 2. Nf3 Nc6 3. Bc4 Bc5 4. c3 Nf6 5. d3 O-O 6. Bg5 h6 7. Bh4 d6 8. Bb3
Be6 9. Nbd2 a6 10. Nf1 Rb8 11. Ne3 b5 12. Nd5 Bxd5 13. Bxd5 Na7 14. b4 Bb6 15.
Qd2 c6 16. Bb3 a5 17. a3 a4 18. Ba2 Qe7 19. O-O c5 20. Rfe1 Rbc8 21. d4 c4 22.
h3 Rfe8 23. d5 Bd8 24. g4 Qf8 25. Qe3 Ra8 26. Kh2 g5 $1 27. Bg3 Nc8 1/2-1/2

[Event "DVM U20 2012"]
[Site "Osnabrück GER"]
[Date "2012.12.28"]
[Round "4"]
[White "Arndt, Dominik"]
[Black "Hobusch, Alexander"]
[Result "1/2-1/2"]
[Termination "normal"]
[Board "5.1"]
[WhiteElo "1937"]
[BlackElo "2177"]
[WhiteTeam "SC Vaterstetten"]
[BlackTeam "SG Solingen"]
[WhiteFideId "24664090"]
[BlackFideId "24611387"]
[EventCountry "GER"]
[EventRounds "7"]
[EventType "team-swiss"]
[EventDate "2012.12.26"]

1. e4 e6 2. d3 d5 3. Nd2 Nf6 4. Ngf3 dxe4 5. dxe4 Bc5 6. Be2 e5 7. Nxe5 Bxf2+
8. Kxf2 Qd4+ 9. Kf1 Qxe5 10. Bd3 Nc6 11. Nc4 Qe7 12. Qf3 Ng4 13. Qg3 O-O 14.
Kg1 Nce5 15. Nxe5 Qc5+ 16. Kf1 Nxe5 17. Bf4 f6 18. Bxe5 Qxe5 19. Qxe5 fxe5+ 20.
Ke2 Be6 21. Rhf1 Rfd8 22. Ke3 Rd6 23. Rad1 Rad8 24. b3 a5 25. Rd2 Rd4 26. Rfd1
Kf7 27. Be2 Rxd2 28. Rxd2 Rxd2 29. Kxd2 Ke7 30. a3 1/2-1/2

[Event "DVM U20 2012"]
[Site "Osnabrück GER"]
[Date "2012.12.28"]
[Round "4"]
[White "Kyas, Marcel"]
[Black "Borchert, Finn"]
[Result "1-0"]
[Termination "normal"]
[Board "5.2"]
[WhiteElo "2145"]
[BlackElo "1901"]
[WhiteTeam "SG Solingen"]
[BlackTeam "SC Vaterstetten"]
[WhiteFideId "24642037"]
[BlackFideId "4620720"]
[EventCountry "GER"]
[EventRounds "7"]
[EventType "team-swiss"]
[EventDate "2012.12.26"]

1. e4 e5 2. Nf3 Nf6 3. Nxe5 d6 4. Nf3 Nxe4 5. d4 d5 6. Bd3 Nc6 7. O-O Bg4 8. c4
Nf6 9. Be3 Be7 10. c5 Ne4 11. Qb3 Qd7 12. Ne1 Bh5 13. Bxe4 dxe4 14. d5 Ne5 15.
Nc3 O-O 16. Bd4 Bf6 17. Nxe4 Kh8 18. Nxf6 gxf6 19. f4 Qg4 20. h3 Qh4 21. Qc3
Rad8 22. fxe5 Rxd5 23. Bf2 Qg5 24. Nf3 Qg6 25. Bh4 Rd3 26. Bxf6+ Kg8 27. Nh4
Qe4 28. Qe1 Re3 29. Nf5 1-0

[Event "DVM U20 2012"]
[Site "Osnabrück GER"]
[Date "2012.12.28"]
[Round "4"]
[White "Nitsche-Hahn, Maxim"]
[Black "Fichtner, Ewald"]
[Result "0-1"]
[Termination "normal"]
[Board "5.3"]
[WhiteElo "1861"]
[BlackElo "2041"]
[WhiteTeam "SC Vaterstetten"]
[BlackTeam "SG Solingen"]
[WhiteFideId "4613090"]
[BlackFideId "1270194"]
[EventCountry "GER"]
[EventRounds "7"]
[EventType "team-swiss"]
[EventDate "2012.12.26"]

1. d4 d5 2. Nf3 Nf6 3. e3 c6 4. Be2 Bf5 5. b3 e6 6. O-O Nbd7 7. Nbd2 Bd6 8. Bb2
Ne4 9. Nxe4 dxe4 10. Ne5 O-O 11. Nxd7 Qxd7 12. c4 Qc7 13. h3 Bg6 14. Qc1 f5 15.
Kh1 f4 16. Ba3 f3 17. gxf3 exf3 18. Bxd6 Qxd6 19. Bd1 Rf5 20. Rg1 Rh5 21. Rg3
Rf8 22. Kh2 Bf5 23. Bxf3 Rxh3+ 24. Kg1 Rxg3+ 25. fxg3 Qxg3+ 26. Bg2 Be4 27. Qd2
Bxg2 0-1

[Event "DVM U20 2012"]
[Site "Osnabrück GER"]
[Date "2012.12.28"]
[Round "4"]
[White "Wroblowski, Oliver"]
[Black "Heimbächer, Moritz"]
[Result "1/2-1/2"]
[Termination "normal"]
[Board "5.4"]
[WhiteElo "2088"]
[BlackElo "1807"]
[WhiteTeam "SG Solingen"]
[BlackTeam "SC Vaterstetten"]
[WhiteFideId "24698679"]
[BlackFideId "1270962"]
[EventCountry "GER"]
[EventRounds "7"]
[EventType "team-swiss"]
[EventDate "2012.12.26"]

1. d4 d5 2. c4 c6 3. Nf3 Nf6 4. cxd5 cxd5 5. Nc3 e6 6. Bf4 Bd6 7. Bxd6 Qxd6 8.
e3 Bd7 9. Bd3 Nc6 10. O-O a6 11. Rc1 O-O 12. Na4 Nb4 13. Bb1 Bxa4 14. Qxa4 Nc6
15. Rc3 Rac8 16. Rfc1 Rc7 17. Ne5 Rfc8 18. Nxc6 Rxc6 19. Rxc6 Rxc6 20. Rxc6
Qxc6 21. Qxc6 bxc6 22. b4 Ne8 23. Bd3 Nc7 24. Kf1 Kf8 25. Ke2 g6 26. Kd2 Ke7
27. Kc3 Kd7 28. Kb3 Kc8 29. Ka4 Kb7 30. Kb3 Nb5 31. g4 f5 32. f3 Kb6 33. g5 Kb7
34. f4 Kb6 35. Bxb5 1/2-1/2

[Event "DVM U20 2012"]
[Site "Osnabrück GER"]
[Date "2012.12.28"]
[Round "4"]
[White "Süß, Christian"]
[Black "Shishkov, Mark"]
[Result "0-1"]
[Termination "normal"]
[Board "5.5"]
[WhiteElo "1460"]
[BlackElo "1842"]
[WhiteTeam "SC Vaterstetten"]
[BlackTeam "SG Solingen"]
[WhiteFideId "12964280"]
[BlackFideId "12911682"]
[EventCountry "GER"]
[EventRounds "7"]
[EventType "team-swiss"]
[EventDate "2012.12.26"]

1. e4 e5 2. Nf3 Nc6 3. Bb5 a6 4. Ba4 Nf6 5. d3 Bc5 6. h3 O-O 7. O-O b5 8. Bb3
d6 9. Nc3 Be6 10. Bg5 h6 11. Bxf6 Qxf6 12. Bxe6 fxe6 13. a3 Rf7 14. Ne2 Raf8
15. c3 Qg6 16. Ng3 Rxf3 17. Kh1 Rxf2 18. Rxf2 Rxf2 19. Qg4 Qxg4 20. hxg4 Rxb2
0-1

[Event "DVM U20 2012"]
[Site "Osnabrück GER"]
[Date "2012.12.28"]
[Round "4"]
[White "Bashylin, Seva"]
[Black "Galensowske, Nikolas"]
[Result "1-0"]
[Termination "normal"]
[Board "5.6"]
[WhiteElo "1684"]
[BlackElo "1439"]
[WhiteTeam "SG Solingen"]
[BlackTeam "SC Vaterstetten"]
[WhiteFideId "24688045"]
[BlackFideId "12964298"]
[EventCountry "GER"]
[EventRounds "7"]
[EventType "team-swiss"]
[EventDate "2012.12.26"]

1. e4 e5 2. Nf3 Nc6 3. Bb5 Bc5 4. O-O d6 5. c3 a6 6. Bxc6+ bxc6 7. d4 exd4 8.
Nxd4 Ne7 9. Bg5 f6 10. Bh4 O-O 11. Kh1 Ng6 12. Bg3 Bd7 13. Nd2 Re8 14. f3 d5
15. Re1 Rb8 16. Qc2 Kh8 17. N2b3 Bd6 18. Bxd6 cxd6 19. exd5 cxd5 20. Qd2 Re7
21. Rxe7 Qxe7 22. Re1 Qf7 23. Qd3 Re8 24. Rxe8+ Qxe8 25. Qe2 Nf4 26. Qe7 (26.
Qxe8+ Bxe8 27. Na5 Nd3 28. b3 Nf2+ 29. Kg1 Nd1 30. Ne2 Bb5 31. c4 dxc4 32. bxc4
Bd7 33. Nb7 Be6 34. Nxd6 Ne3 35. c5 Bxa2 36. Ne4 (36. Nc3 Be6 37. c6 Nc4 38.
Nxc4 Bxc4 39. c7 Be6 40. Kf2 Kg8 41. Nd5 Kf7 42. Ke3 Ke8 43. Nb6 Bc8 44. Nxc8
Kd7 45. Nd6 Kxc7 46. Ne8+ Kc6 47. Nxg7 Kc5 48. Kd3 a5 49. Kc3 a4 50. Nh5 f5 51.
Ng7 f4 52. Ne6+ Kd5 53. Nxf4+ Ke5 54. Nd3+ Kd5 (54... Kf5 55. Kb4))) 26... Qxe7
1-0

[Event "DVM U20 2012"]
[Site "Osnabrück GER"]
[Date "2012.12.28"]
[Round "4"]
[White "Wöllermann, Jan"]
[Black "Moritz, Aron"]
[Result "1-0"]
[Termination "normal"]
[Board "6.1"]
[WhiteElo "2166"]
[BlackElo "2165"]
[WhiteTeam "Hagener SV"]
[BlackTeam "SV Empor Berlin"]
[WhiteFideId "24661155"]
[BlackFideId "24672319"]
[EventCountry "GER"]
[EventRounds "7"]
[EventType "team-swiss"]
[EventDate "2012.12.26"]

1. d4 Nf6 2. c4 g6 3. g3 Bg7 4. Bg2 O-O 5. Nc3 d6 6. Nf3 Nbd7 7. O-O e5 8. e4
c6 9. h3 Qa5 10. a3 exd4 11. Nxd4 Ne5 12. Nb3 Qc7 13. Qe2 a5 14. Nd4 a4 15. f4
Ned7 16. Be3 Ra5 17. Bf2 Nc5 18. Rfe1 Re8 19. Qc2 Nfd7 20. Rad1 Nb6 21. Bf1 Ne6
22. Nf3 Nc5 23. Qd2 Bf8 24. Nb5 Rxb5 25. cxb5 Nxe4 26. Qc2 Nxf2 27. Kxf2 Rd8
28. bxc6 bxc6 29. Kg2 c5 30. Kh2 d5 31. Ne5 Be6 32. Rc1 Qd6 33. Red1 Qe7 34.
Bb5 Ra8 35. Be2 Qf6 36. Bf3 h5 37. h4 Rd8 38. Qd2 Qf5 39. Bg2 f6 40. Nf3 Rd7
41. Ng1 d4 42. Qe2 Bb3 43. Bh3 Bxd1 44. Qxd1 Qd5 45. Bxd7 Qxd7 46. Qd3 Kg7 47.
Nf3 Nd5 48. Nd2 Ne3 49. Nc4 Ng4+ 50. Kg1 Qe6 51. Rb1 g5 52. fxg5 fxg5 53. hxg5
Be7 54. Rf1 Bxg5 55. Qf5 Qe7 56. Qd5 Be3+ 57. Kg2 Nf6 58. Qf5 Ng4 59. Rf3 Bg5
60. Kh3 Nh6 61. Qe5+ Qxe5 62. Nxe5 Ng4 63. Nxg4 hxg4+ 64. Kxg4 Bc1 65. b3 axb3
66. Rxb3 Bd2 67. Rd3 Bc3 68. Kf3 Bb2 69. Rb3 Bc1 70. Ke4 Kf6 71. Kd5 Kf5 72.
Kxc5 Ke4 73. Kc4 1-0

[Event "DVM U20 2012"]
[Site "Osnabrück GER"]
[Date "2012.12.28"]
[Round "4"]
[White "Sivakumaran, Ramash"]
[Black "Böhning, Kilian"]
[Result "1/2-1/2"]
[Termination "normal"]
[Board "6.2"]
[WhiteElo "1875"]
[BlackElo "1893"]
[WhiteTeam "SV Empor Berlin"]
[BlackTeam "Hagener SV"]
[WhiteFideId "9909524"]
[BlackFideId "1270499"]
[EventCountry "GER"]
[EventRounds "7"]
[EventType "team-swiss"]
[EventDate "2012.12.26"]

1. c4 e5 2. Nc3 Nc6 3. g3 d6 4. Bg2 g6 5. e3 Bg7 6. Nge2 f5 7. d3 Nf6 8. O-O
O-O 9. Rb1 g5 10. f4 h6 11. b4 Ne7 12. b5 Ng6 13. Nd5 Nxd5 14. Bxd5+ Kh7 15.
Bb2 gxf4 16. exf4 c6 17. bxc6 bxc6 18. Bg2 Qc7 19. Qa4 Bd7 20. Qa3 Rab8 21. Bc3
c5 22. Ba5 Qc8 23. Bd2 Qc7 24. Ba5 Qc8 25. Bd2 Qc7 26. Nc3 Ne7 27. Nb5 Bxb5 28.
Rxb5 Rxb5 29. cxb5 Qb6 30. Qa6 Rb8 31. Qxb6 axb6 32. Re1 Ng6 33. Bc6 Ne7 34.
Bf3 Rd8 35. a4 Rb8 36. Kf1 Kg8 37. Bc3 Ng6 38. Bh5 exf4 39. Bxg7 Kxg7 40. Re6
Ne5 41. Rxd6 fxg3 42. hxg3 Rb7 43. Ke2 c4 44. d4 Nd3 45. Rc6 Nb2 46. d5 Nxa4
47. d6 Nc3+ 48. Kf2 (48. Kf3 Nxb5 49. Rxc4 Nxd6 50. Rc6 Nb5 51. Kf4 Re7 52.
Rg6+ Kh7 53. Rxb6 Nd4 54. Bg6+) 1/2-1/2

[Event "DVM U20 2012"]
[Site "Osnabrück GER"]
[Date "2012.12.28"]
[Round "4"]
[White "Rieping, Heiner"]
[Black "Salz, Matthias"]
[Result "1-0"]
[Termination "normal"]
[Board "6.3"]
[WhiteElo "1894"]
[BlackElo "1672"]
[WhiteTeam "Hagener SV"]
[BlackTeam "SV Empor Berlin"]
[WhiteFideId "24647012"]
[BlackFideId "12943312"]
[EventCountry "GER"]
[EventRounds "7"]
[EventType "team-swiss"]
[EventDate "2012.12.26"]

1. e4 c5 2. Nf3 Nc6 3. d4 cxd4 4. Nxd4 g6 5. c4 Bg7 6. Be3 Nf6 7. Nc3 O-O 8.
Be2 d6 9. O-O Bd7 10. Qd2 Nxd4 11. Bxd4 Bc6 12. Rad1 e5 13. Be3 Nxe4 14. Nxe4
Bxe4 15. Qxd6 Bc2 16. Qxd8 Rfxd8 17. Rc1 Bd3 18. Bxd3 Rxd3 19. Rfd1 Rad8 20.
Rxd3 Rxd3 21. Kf1 e4 22. b3 a5 23. Ke2 Bc3 24. Rd1 Rxd1 25. Kxd1 f5 26. Kc2 Be1
27. a3 Kf7 28. Bd4 e3 29. Bxe3 b5 30. cxb5 Ke6 31. b6 1-0

[Event "DVM U20 2012"]
[Site "Osnabrück GER"]
[Date "2012.12.28"]
[Round "4"]
[White "Schabe, Felix"]
[Black "Bonacic, Jascha"]
[Result "1/2-1/2"]
[Termination "normal"]
[Board "6.4"]
[WhiteElo "1798"]
[BlackElo "1916"]
[WhiteTeam "SV Empor Berlin"]
[BlackTeam "Hagener SV"]
[WhiteFideId "12964336"]
[BlackFideId "24647004"]
[EventCountry "GER"]
[EventRounds "7"]
[EventType "team-swiss"]
[EventDate "2012.12.26"]

1. e4 d5 2. exd5 Qxd5 3. Nc3 Qa5 4. Nf3 Nf6 5. Bc4 Nc6 6. h3 Bf5 7. d3 e6 8.
Bd2 Qc5 9. O-O Qd6 10. Re1 Be7 11. Nb5 Qd7 12. Bf4 Bd6 13. Nxd6+ cxd6 14. d4
Na5 15. Bd3 Bxd3 16. Qxd3 O-O 17. c4 Rac8 18. b3 b6 19. Bg5 Ne8 20. Re2 h6 21.
Bh4 Nc7 22. Rae1 b5 23. Nd2 bxc4 24. bxc4 Qa4 25. Be7 Rfe8 26. Bxd6 Red8 27.
Be5 Ne8 28. Rc1 f6 29. Bg3 e5 30. d5 Nd6 31. f4 exf4 32. Bxf4 Naxc4 33. Nxc4
Rxc4 34. Rxc4 Qxc4 35. Qxc4 Nxc4 36. Rc2 Nb6 37. d6 g5 38. Bg3 f5 39. Be5 Kf7
40. Rc7+ Rd7 41. Bd4 Ke6 42. Bc5 Rxc7 43. dxc7 Kd7 44. g4 fxg4 45. hxg4 Nd5 46.
Kf2 Kxc7 47. Bxa7 Kd6 48. Bd4 Nf4 49. Bg7 h5 50. gxh5 Nxh5 51. Bf8+ Kd5 52. Kf3
Nf6 53. a4 Nd7 54. Bg7 1/2-1/2

[Event "DVM U20 2012"]
[Site "Osnabrück GER"]
[Date "2012.12.28"]
[Round "4"]
[White "Beinke, Lukas"]
[Black "Alcer, Fabian"]
[Result "1/2-1/2"]
[Termination "normal"]
[Board "6.5"]
[WhiteElo "1844"]
[BlackElo "1726"]
[WhiteTeam "Hagener SV"]
[BlackTeam "SV Empor Berlin"]
[WhiteFideId "12902535"]
[BlackFideId "24693898"]
[EventCountry "GER"]
[EventRounds "7"]
[EventType "team-swiss"]
[EventDate "2012.12.26"]

1. e4 e5 2. Nf3 Nc6 3. Bc4 Nf6 4. Ng5 d5 5. exd5 Na5 6. Bb5+ c6 7. dxc6 bxc6 8.
Qf3 Bb7 9. Ba4 Be7 10. O-O O-O 11. Ne4 Nd5 12. d3 c5 13. Qe2 Qc7 14. Nbc3 Nb6
15. Bb3 Nxb3 16. axb3 f5 17. Nd2 a6 18. Nc4 Bf6 19. Na5 Bc8 20. Qf3 Be6 21. Qc6
Qxc6 22. Nxc6 Nd5 23. Nxd5 Bxd5 24. Na5 e4 25. dxe4 Bxe4 26. c3 Rfb8 27. Re1
Bd8 28. f3 Bc2 29. Nc4 Bxb3 30. Nd2 Bc2 31. Re6 a5 32. Rc6 a4 33. Kf2 Rc8 34.
Re6 Kf7 35. Re8 c4 36. Nf1 g5 37. f4 g4 38. Re5 Bc7 39. Rb5 Rab8 40. Rxb8 Rxb8
41. h3 gxh3 42. gxh3 Bb6+ 43. Be3 Bxe3+ 44. Nxe3 Rxb2 45. Nxc4 Rb8 46. Ne3 Rb2
47. Kg3 Bb3 48. Nxf5 Rd2 49. Kh4 Rd1 50. Ra3 Rd3 51. c4 Kf6 52. Ng3 Rd4 53. Kg4
Bxc4 54. h4 Be6+ 55. Kf3 Bb3 56. Ne4+ Kg6 57. Nc5 Rc4 58. Ne4 Rc2 59. Ra1 Rh2
60. Nc5 Rxh4 1/2-1/2

[Event "DVM U20 2012"]
[Site "Osnabrück GER"]
[Date "2012.12.28"]
[Round "4"]
[White "Denkert, Robert"]
[Black "Wierum, Colin"]
[Result "1-0"]
[Termination "normal"]
[Board "6.6"]
[WhiteElo "1637"]
[BlackElo "1910"]
[WhiteTeam "SV Empor Berlin"]
[BlackTeam "Hagener SV"]
[WhiteFideId "12957216"]
[BlackFideId "24677981"]
[EventCountry "GER"]
[EventRounds "7"]
[EventType "team-swiss"]
[EventDate "2012.12.26"]

1. e4 c5 2. Nc3 g6 3. g3 Bg7 4. Bg2 Nc6 5. Nge2 Nf6 6. d3 O-O 7. O-O d6 8. h3
Rb8 9. Be3 b5 10. d4 cxd4 11. Nxd4 Nxd4 12. Bxd4 a5 13. e5 Nd7 14. Ba7 b4 15.
Bxb8 bxc3 16. Ba7 cxb2 17. Rb1 Nxe5 18. Bd4 Ba6 19. Re1 Nc4 20. Bxg7 Kxg7 21.
Bf1 Qc7 22. Bxc4 Bxc4 23. Rxb2 e6 24. Qd2 Bd5 25. Rc1 Qc6 26. c4 Rc8 27. Qxa5
Bg2 28. Rb6 Qe4 29. Re1 Qf3 30. Re3 Qa8 31. Ra6 Qb7 32. Ra7 Qc6 33. Qc3+ Kg8
34. g4 Rb8 35. f3 Qb6 36. Ra3 Qb1+ 37. Kxg2 Rb2+ 38. Kg3 e5 39. Re1 1-0

[Event "DVM U20 2012"]
[Site "Osnabrück GER"]
[Date "2012.12.28"]
[Round "4"]
[White "Strathoff, Jens"]
[Black "Grunau, Christoph"]
[Result "1-0"]
[Termination "normal"]
[Board "7.1"]
[WhiteElo "2112"]
[BlackElo "1961"]
[WhiteTeam "Schachfreunde Brackel 1930"]
[BlackTeam "SC Heitersheim"]
[WhiteFideId "4699084"]
[BlackFideId "12929760"]
[EventCountry "GER"]
[EventRounds "7"]
[EventType "team-swiss"]
[EventDate "2012.12.26"]

1. e4 c5 2. c3 Nf6 3. e5 Nd5 4. Nf3 e6 5. d4 cxd4 6. cxd4 d6 7. Bd3 Be7 8. exd6
Qxd6 9. O-O Nd7 10. Nc3 N7f6 11. Re1 O-O 12. Ne5 a6 13. Qf3 Nb4 14. Bg5 Nxd3
15. Qxd3 b5 16. Ne4 Nxe4 17. Qxe4 Bb7 18. Qxb7 Bxg5 19. Nxf7 Qe7 20. Qxe7 Bxe7
21. Ne5 Bf6 22. Nf3 Kf7 23. g4 Rfc8 24. Re4 g6 25. Rf4 Ke7 26. g5 Bg7 27. Rh4
Rh8 28. Re1 Kd6 29. Rhe4 Rhe8 30. Ne5 Ra7 31. Kg2 Rc7 32. Kf3 Rc2 33. Nd3 Rc4
34. Ke3 Rf8 35. f4 Kd5 36. Rd1 a5 37. Nc5 Rxd4 38. Rdxd4+ Bxd4+ 39. Rxd4+ Kxc5
40. Rd7 h6 41. gxh6 Rf5 42. h7 Rh5 43. Ke4 a4 44. h3 Kc6 45. Ra7 Kb6 46. Re7
Kc5 47. Rxe6 Rxh7 48. Rxg6 Rxh3 49. Rg2 Kd6 50. Kf5 Rf3 51. Re2 b4 52. Rd2+ Kc5
53. Ke4 Rf1 54. f5 b3 55. axb3 axb3 56. Rd3 Kc4 57. Rc3+ Kb4 58. Rf3 Re1+ 59.
Kf4 1-0

[Event "DVM U20 2012"]
[Site "Osnabrück GER"]
[Date "2012.12.28"]
[Round "4"]
[White "Winter, Philipp"]
[Black "Böhm, Malte"]
[Result "1/2-1/2"]
[Termination "normal"]
[Board "7.2"]
[WhiteElo "1917"]
[BlackElo "2011"]
[WhiteTeam "SC Heitersheim"]
[BlackTeam "Schachfreunde Brackel 1930"]
[WhiteFideId "1270635"]
[BlackFideId "1270629"]
[EventCountry "GER"]
[EventRounds "7"]
[EventType "team-swiss"]
[EventDate "2012.12.26"]

1. e4 c5 2. Nf3 d6 3. d4 cxd4 4. Nxd4 Nf6 5. Nc3 a6 6. Be3 e5 7. Nb3 Be7 8. Be2
Be6 9. O-O O-O 10. f4 exf4 11. Bxf4 d5 12. exd5 Nxd5 13. Nxd5 Bxd5 14. Bf3 Qb6+
15. Kh1 Bxf3 16. Qxf3 Nc6 17. c3 Bf6 18. Rad1 Rad8 19. Qg3 Qb5 20. h3 Rxd1 21.
Rxd1 Qe2 22. Rd2 Qf1+ 23. Kh2 Re8 24. Qf2 Qxf2 25. Rxf2 Ne5 26. Bxe5 Bxe5+ 27.
g3 b6 28. Kg2 Rd8 29. Rd2 Rxd2+ 30. Nxd2 f5 31. Nc4 Bc7 1/2-1/2

[Event "DVM U20 2012"]
[Site "Osnabrück GER"]
[Date "2012.12.28"]
[Round "4"]
[White "Reisberg, Andre"]
[Black "Wendering, Leonard"]
[Result "1-0"]
[Termination "normal"]
[Board "7.3"]
[WhiteElo "1990"]
[BlackElo "2009"]
[WhiteTeam "Schachfreunde Brackel 1930"]
[BlackTeam "SC Heitersheim"]
[WhiteFideId "1270630"]
[BlackFideId "1270637"]
[EventCountry "GER"]
[EventRounds "7"]
[EventType "team-swiss"]
[EventDate "2012.12.26"]

1. d4 Nf6 2. c4 c5 3. d5 b5 4. cxb5 a6 5. f3 g6 6. e4 d6 7. Nc3 Bg7 8. Be3 O-O
9. Bd3 axb5 10. Bxb5 Ba6 11. Nge2 Qa5 12. Bxa6 Nxa6 13. O-O Rfb8 14. Rb1 Nd7
15. Bg5 Kf8 16. Qd2 Ne5 17. b3 Nb4 18. Na4 Nc4 19. bxc4 Qxa4 20. Nc3 Qa5 21. a4
Nxd5 22. Nxd5 Qxd2 23. Rxb8+ Rxb8 24. Bxd2 Bd4+ 25. Be3 e6 26. Bxd4 exd5 27.
Bxc5 dxc5 28. cxd5 Ke7 29. a5 Rb2 30. Ra1 c4 31. Rc1 Ra2 32. Rxc4 Rxa5 33. Rc7+
Kf6 34. Kf2 Ra2+ 35. Kg3 h5 36. h4 Rd2 37. Kf4 Kg7 38. g4 hxg4 39. Kxg4 Rg2+
40. Kf4 Rh2 41. Kg3 Rd2 42. Rd7 Kf6 43. Kf4 Rd4 44. Rd6+ Ke7 45. Ke5 Rd3 46. f4
Rh3 47. Ra6 Rxh4 48. Ra7+ Kf8 49. Ra6 Ke7 50. d6+ Kd7 51. Ra7+ Ke8 52. Re7+ Kf8
53. f5 gxf5 54. Kxf5 Rh1 55. e5 Re1 56. Ra7 Ke8 57. Ra8+ Kd7 58. Kf6 Rf1+ 59.
Kg7 Rf5 60. Ra7+ Kd8 61. Re7 Rh5 62. Kxf7 Rh7+ 63. Ke6 1-0

[Event "DVM U20 2012"]
[Site "Osnabrück GER"]
[Date "2012.12.28"]
[Round "4"]
[White "van Klev, Fabian"]
[Black "Schopferer, Markus"]
[Result "1-0"]
[Termination "normal"]
[Board "7.5"]
[WhiteElo "1788"]
[BlackElo "1606"]
[WhiteTeam "Schachfreunde Brackel 1930"]
[BlackTeam "SC Heitersheim"]
[WhiteFideId "12964255"]
[BlackFideId "1270636"]
[EventCountry "GER"]
[EventRounds "7"]
[EventType "team-swiss"]
[EventDate "2012.12.26"]

1. Nf3 b6 2. d4 Bb7 3. c4 e6 4. Nc3 Nf6 5. e3 d5 6. Bd3 Nbd7 7. O-O Bd6 8. cxd5
Nxd5 9. e4 Nxc3 10. bxc3 e5 11. Qe2 O-O 12. d5 Nc5 13. Be3 Qe7 14. Nd2 Nxd3 15.
Qxd3 Rfe8 16. a4 a5 17. Rfc1 Ba6 18. c4 Rab8 19. Nb3 Bb4 20. Bd2 Red8 21. Bxb4
Qxb4 22. Qc3 Qxc3 23. Rxc3 Kf8 24. g3 Ke7 25. f4 f6 26. Rac1 Rbc8 27. c5 h6 28.
Kf2 Rf8 29. cxb6 cxb6 30. Rc7+ Kd6 31. R1c6# 1-0

[Event "DVM U20 2012"]
[Site "Osnabrück GER"]
[Date "2012.12.28"]
[Round "4"]
[White "Groß, Dennis"]
[Black "Gesinghaus, Dustin"]
[Result "1/2-1/2"]
[Termination "normal"]
[Board "7.6"]
[WhiteElo "1516"]
[BlackElo "1609"]
[WhiteTeam "SC Heitersheim"]
[BlackTeam "Schachfreunde Brackel 1930"]
[WhiteFideId "1270638"]
[BlackFideId "12964271"]
[EventCountry "GER"]
[EventRounds "7"]
[EventType "team-swiss"]
[EventDate "2012.12.26"]

1. d4 Nf6 2. Bf4 e6 3. Nf3 b6 4. e3 Bb7 5. Bd3 c5 6. Nbd2 Be7 7. O-O O-O 8. c3
d5 9. Ne5 Nbd7 10. Ndf3 Nxe5 11. Nxe5 Nd7 12. Qc2 g6 13. Bh6 c4 14. Bxf8 Bxf8
15. Be2 Bd6 16. Nxd7 Qxd7 17. Bf3 f5 18. b3 b5 19. bxc4 bxc4 20. Rab1 g5 21. g4
Rf8 22. Kg2 Qg7 23. h3 h5 24. Rh1 Bc6 25. Rbf1 Be8 26. Rfg1 h4 27. gxf5 Rxf5
28. Bg4 Rf6 29. f3 Bg6 30. Qd2 Bd3 31. a4 Bb8 32. Ra1 Qc7 33. Qf2 Qa5 34. Rhc1
Bg3 35. Qb2 Qc7 36. Rh1 Qd6 37. Qb4 Qc7 38. Qc5 Qb8 39. Qb4 Qc7 40. Qc5 Qb8
1/2-1/2

[Event "DVM U20 2012"]
[Site "Osnabrück GER"]
[Date "2012.12.28"]
[Round "4"]
[White "Saran, Bajar"]
[Black "Peng, Xiang-Tobias"]
[Result "0-1"]
[Termination "normal"]
[Board "8.1"]
[WhiteElo "1870"]
[BlackElo "1802"]
[WhiteTeam "SV Schott Jena"]
[BlackTeam "Heilbronner SV"]
[WhiteFideId "24674702"]
[BlackFideId "12964328"]
[EventCountry "GER"]
[EventRounds "7"]
[EventType "team-swiss"]
[EventDate "2012.12.26"]

1. e4 e5 2. Nf3 Nc6 3. Bb5 a6 4. Ba4 Nf6 5. Qe2 b5 6. Bb3 Bc5 7. c3 O-O 8. a4
b4 9. O-O Rb8 10. Bc4 a5 11. Rd1 Re8 12. Bxf7+ Kxf7 13. Qc4+ d5 14. Qxc5 Nxe4
15. Qe3 bxc3 16. dxc3 Kg8 17. c4 Nb4 18. Na3 c6 19. Bd2 Bf5 20. cxd5 cxd5 21.
Bxb4 Rxb4 22. Nb5 Rxb2 23. Nd2 d4 24. Qe1 Nxd2 25. Rxd2 Rb4 26. Re2 e4 27. Qd2
d3 28. Ree1 Be6 29. f3 Bb3 30. Nc3 Qd4+ 31. Kf1 e3 0-1

[Event "DVM U20 2012"]
[Site "Osnabrück GER"]
[Date "2012.12.28"]
[Round "4"]
[White "Biefel, Christian"]
[Black "Osterloh, Felix"]
[Result "1-0"]
[Termination "normal"]
[Board "8.2"]
[WhiteElo "1689"]
[BlackElo "1760"]
[WhiteTeam "Heilbronner SV"]
[BlackTeam "SV Schott Jena"]
[WhiteFideId "24692646"]
[BlackFideId "24615935"]
[EventCountry "GER"]
[EventRounds "7"]
[EventType "team-swiss"]
[EventDate "2012.12.26"]

1. c4 Nf6 2. Nc3 g6 3. g3 Bg7 4. Bg2 O-O 5. e3 d6 6. Nge2 e5 7. O-O c6 8. d4
Qc7 9. Qc2 Re8 10. Rd1 Nbd7 11. b3 Nb6 (11... Nf8 12. Bf3 (12. Ba3 Rd8 13. Rd2
Ne6 14. Rad1 Bf8 15. d5 Ng7 16. dxc6 bxc6 17. Nb5 cxb5 18. Bxa8 b4 19. Bb2 Bf5
20. e4 Rxa8 21. exf5 Nxf5 22. Nf4 Bh6 23. Nd5 Qd8 24. Re1 (24. Re2 a5 25. Nxf6+
Qxf6 26. f4 Nd4 27. Bxd4 exd4 28. Qe4 d5 29. cxd5 Bg7 30. d6 Rd8 31. d7 Qd6 32.
Qe8+ Qf8 33. Qxd8))) 1-0

[Event "DVM U20 2012"]
[Site "Osnabrück GER"]
[Date "2012.12.28"]
[Round "4"]
[White "Seifert, Michael"]
[Black "Mikeler, Marcel"]
[Result "1/2-1/2"]
[Termination "normal"]
[Board "8.3"]
[WhiteElo "1723"]
[BlackElo "1712"]
[WhiteTeam "SV Schott Jena"]
[BlackTeam "Heilbronner SV"]
[WhiteFideId "12964301"]
[BlackFideId "12927856"]
[EventCountry "GER"]
[EventRounds "7"]
[EventType "team-swiss"]
[EventDate "2012.12.26"]

1. Nf3 d5 2. g3 Nf6 3. Bg2 c5 4. d3 Nc6 5. O-O Bg4 6. h3 Bh5 7. Nbd2 e6 8. e4
Be7 9. c3 O-O 10. Qe2 dxe4 11. dxe4 Qb6 12. g4 Bg6 13. Nh4 Nd7 14. Nxg6 hxg6
15. Rd1 Rad8 16. Nf3 Qc7 17. Be3 a6 18. Rd2 b5 19. Rad1 Nf6 20. Ne1 e5 21. Rxd8
Rxd8 22. Rxd8+ Nxd8 23. Qd2 Ne6 24. Nd3 c4 25. Nb4 Bxb4 26. cxb4 Qd7 27. Qxd7
Nxd7 28. g5 Kf8 29. h4 Ke7 30. Bh3 Kd6 31. Kf1 Nb8 32. Ke1 Nc6 33. a3 a5 34.
bxa5 Nxa5 35. Bd2 Nc6 36. Bg4 Ned4 37. Kd1 Nb3 38. Bc3 Nc5 39. f3 Nd3 40. Kd2
Nd8 41. b3 Ne6 42. bxc4 bxc4 43. Bh3 Nef4 44. Bf1 Kc6 45. a4 f6 46. Ke3 Kc5 47.
Kd2 Nb4 48. Bxb4+ Kxb4 49. a5 Kxa5 50. Kc3 Kb5 51. Bxc4+ Kc5 52. Bf7 Ng2 53.
gxf6 gxf6 54. h5 gxh5 55. Bxh5 1/2-1/2